02252nam a2200289uu 4500001000800000005001700008007001000025008004100035035001200076040001300088041000800101080000800109100004800117245012100165260004300286300001800329500009100347520129000438650003101728650003001759650001901789650002501808700004301833856006601876502001201942526000801954134667120241206092535.0cr|||||||131011s2013 spa  a1346671 ccomduadb aspa aDIQ10aSánchez Henao, Claudia Patricia4auteaut10aAnálisis de flujos metabólicos en la producción de ácido clavulánico a partir de Streptomyces Clavuligerus aMedellín :b[sin publicador],c2013. a207 páginas aLocalización: Centro de Documentación CENDOI, 20 -146. Clasificación: DIQ 08306.3 aEn esta tesis doctoral se presenta una metodología de trabajo para el mejoramiento de un proceso de producción de metabolito secundario por cultivo sumergido de una bacteria. El caso de estudio fue la vía metabólica para incrementar la producción de ácido clavulánico (AC) a partir de las rutas bioquímicas ya establecidas y del conocimiento fisiológico y de fermentación existente de Streptomyces clavuligerus. Esta metodología consistió en la aplicación de análisis de sensibilidad y de flujos metabólicos para establecer estrategias de alimentación del medio de cultivo y obtener la distribución de flujos al variar la tasa de dilución del proceso. Además se empleó análisis de balances de flujos para establecer los cambios en la vía metabólica al considerar limitación de nutrientes en la célula. En general se pudo establecer que los flujos precursores en el ciclo de la urea, en especial el flujo de ornitina es el que presenta mayor variación frente a las limitaciones de nutrientes considerados. Esta información sirve de guía para trabajos posteriores en los cuales se empleen como estrategia para incrementar la producción de AC análisis de control metabólico u otras estrategias de alimentación de nutrientes. aAnálisis de sensibilidad aInhibidores enzimáticos aAntibióticos aFlujos metabólicos10aQuintero Díaz, Juan Carlos4thseths4 uhttp://bibliotecadigital.udea.edu.co/dspace/handle/10495/2771 b208c17 a210